[Event "VI Weekend A"]
[Site "Vicenza ITA"]
[Date "2002.10.??"]
[Round "2"]
[White "Danieli, Enrico"]
[Black "Navarro, Stefano"]
[Result "1/2-1/2"]
[WhiteElo "2118"]
[BlackElo "2126"]
[PlyCount "37"]
[EventDate "2002.10.05"]

1. d4 d5 2. c4 e6 3. Nc3 c6 4. cxd5 exd5 5. Nf3 Nf6 6. Bg5 Be7 7. e3 Nbd7 8.
Bd3 O-O 9. O-O Re8 10. Qc2 Nf8 11. Rae1 Ne4 12. Bxe7 Qxe7 13. Nd2 f5 14. f3
Nxd2 15. Qxd2 Qf6 16. Qf2 Be6 17. f4 Bd7 18. Kh1 Rad8 19. Rg1 1/2-1/2

[Event "VI Weekend A"]
[Site "Vicenza ITA"]
[Date "2002.10.??"]
[Round "2"]
[White "Gennari, Leone"]
[Black "Vancini, Edoardo"]
[Result "0-1"]
[WhiteElo "1900"]
[BlackElo "2285"]
[PlyCount "56"]
[EventDate "2002.10.05"]

1. d4 Nf6 2. c4 c5 3. d5 e6 4. Nc3 exd5 5. Nxd5 Nxd5 6. Qxd5 Nc6 7. Nf3 Be7 8.
g3 O-O 9. Bh3 a6 10. O-O b5 11. cxb5 axb5 12. Be3 d6 13. Bxc8 Qxc8 14. a3 Ra6
15. Bg5 Bxg5 16. Nxg5 Ne5 17. Rfd1 Qg4 18. f4 Nc4 19. Qd3 Qh5 20. Rab1 d5 21.
h3 d4 22. g4 Qh4 23. Qf3 Ne3 24. Rd3 h6 25. Ne4 f5 26. Nxc5 fxg4 27. hxg4 Rg6
28. g5 Rxg5+ 0-1

[Event "VI Weekend A"]
[Site "Vicenza ITA"]
[Date "2002.10.??"]
[Round "2"]
[White "Giacomelli, Gianni"]
[Black "Capata, Ion"]
[Result "1-0"]
[WhiteElo "1836"]
[BlackElo "2155"]
[PlyCount "79"]
[EventDate "2002.10.05"]

1. e4 e5 2. Nf3 Nc6 3. d4 exd4 4. Nxd4 Bc5 5. Be3 Bxd4 6. Bxd4 Nf6 7. Nc3 O-O
8. Bc4 Re8 9. O-O Nxe4 10. Nxe4 Rxe4 11. Bxf7+ Kh8 12. Bc3 d6 13. Qd5 Re7 14.
Rae1 Qf8 15. Rxe7 Nxe7 16. Qh5 Bg4 17. Qxg4 Qxf7 18. Qd7 Rc8 19. Re1 Rf8 20.
Bd4 Ng6 21. Qxf7 Rxf7 22. Re8+ Rf8 23. Rxf8+ Nxf8 24. Bxa7 b6 25. Bb8 Ne6 26.
f4 g6 27. g4 b5 28. f5 gxf5 29. gxf5 Nd4 30. Bxc7 Nxf5 31. b3 Ne3 32. Bxd6 Nxc2
33. Kf2 Kg8 34. a4 bxa4 35. bxa4 Nd4 36. a5 Nb5 37. a6 Kf7 38. Bb8 Kg6 39. a7
Nxa7 40. Bxa7 1-0

[Event "VI Weekend A"]
[Site "Vicenza ITA"]
[Date "2002.10.??"]
[Round "2"]
[White "Logallo, Claudio"]
[Black "Miatello, Alberto"]
[Result "1/2-1/2"]
[WhiteElo "1795"]
[BlackElo "1818"]
[PlyCount "69"]
[EventDate "2002.10.05"]

1. e4 c5 2. Nf3 e6 3. d4 cxd4 4. Nxd4 Nc6 5. Nc3 a6 6. g3 Qc7 7. Bg2 d6 8. O-O
Bd7 9. Be3 Be7 10. Nxc6 Bxc6 11. a4 Nf6 12. a5 Rc8 13. h3 O-O 14. f4 Nd7 15. f5
Ne5 16. Bd4 Nc4 17. f6 gxf6 18. Nd5 Bxd5 19. exd5 e5 20. Be4 Rfd8 21. Qh5 Kf8
22. Qxh7 Ke8 23. Bc3 Qc5+ 24. Kh2 Ne3 25. Rf3 f5 26. Rxf5 Nxf5 27. Qxf5 Bf8 28.
Rf1 Rc7 29. h4 Qe3 30. Rf3 Qh6 31. Qh3 Bg7 32. Qf1 f6 33. Qf2 Rc4 34. Bd3 Rc5
35. Be4 1/2-1/2

[Event "VI Weekend A"]
[Site "Vicenza ITA"]
[Date "2002.10.??"]
[Round "2"]
[White "Roberti, Ignazio"]
[Black "Maccapan, Fabio"]
[Result "1/2-1/2"]
[WhiteElo "2032"]
[BlackElo "1810"]
[PlyCount "68"]
[EventDate "2002.10.05"]

1. e4 c5 2. Nf3 d6 3. d4 cxd4 4. Nxd4 Nf6 5. Nc3 a6 6. Be2 e5 7. Nb3 Be7 8. O-O
Be6 9. Be3 Qc7 10. f4 exf4 11. Rxf4 Nbd7 12. Nd4 Ne5 13. Nf5 Bxf5 14. exf5 Rc8
15. Rc1 b5 16. Nd5 Nxd5 17. Qxd5 Bg5 18. Re4 Bxe3+ 19. Rxe3 Qb6 20. Qe4 O-O 21.
Kh1 f6 22. c4 Kh8 23. b3 d5 24. Qf4 bxc4 25. bxc4 dxc4 26. Rec3 Rfd8 27. h3 Rd4
28. Qe3 Qd6 29. Bxc4 Nxc4 30. Rxc4 Rdxc4 31. Rxc4 Qd1+ 32. Kh2 Qd6+ 33. Kg1
Qd1+ 34. Kh2 Qd6+ 1/2-1/2

[Event "VI Weekend A"]
[Site "Vicenza ITA"]
[Date "2002.10.??"]
[Round "3"]
[White "Fontanari, Maurizio"]
[Black "Roberti, Ignazio"]
[Result "1-0"]
[WhiteElo "2034"]
[BlackElo "2032"]
[PlyCount "59"]
[EventDate "2002.10.05"]

1. d4 Nf6 2. c4 e6 3. g3 Bb4+ 4. Nd2 c5 5. Ngf3 Nc6 6. a3 Qa5 7. Rb1 Bxd2+ 8.
Bxd2 Qb6 9. dxc5 Qxc5 10. Qc2 d5 11. Rc1 Ng4 12. e3 a5 13. Bg2 d4 14. exd4 Nxd4
15. Nxd4 Qxd4 16. Bc3 Qxc4 17. Bxg7 Qxc2 18. Rxc2 Rg8 19. Bc3 Ke7 20. Bd2 Kd6
21. O-O Bd7 22. Bxb7 Rab8 23. Bf3 Ba4 24. Bf4+ e5 25. Rd2+ Ke6 26. Re1 Kf6 27.
Rd6+ Ke7 28. Bxg4 Rxg4 29. Bxe5 Rxb2 30. Rd4 1-0

[Event "VI Weekend A"]
[Site "Vicenza ITA"]
[Date "2002.10.??"]
[Round "3"]
[White "Maccapan, Fabio"]
[Black "Giacomelli, Gianni"]
[Result "1/2-1/2"]
[WhiteElo "1810"]
[BlackElo "1836"]
[PlyCount "54"]
[EventDate "2002.10.05"]

1. Nf3 Nf6 2. g3 b6 3. Bg2 Bb7 4. O-O e6 5. d3 Be7 6. e4 O-O 7. Nbd2 d6 8. c3
Nbd7 9. Re1 e5 10. Nf1 Nc5 11. Ne3 g6 12. Qc2 Kh8 13. b4 Ne6 14. Bb2 Ng8 15. d4
Ng5 16. Nxg5 Bxg5 17. dxe5 Bxe3 18. Rxe3 dxe5 19. c4 f6 20. Rd1 Qe7 21. a3 Nh6
22. Red3 Rfd8 23. Qd2 Nf7 24. Qc3 Rxd3 25. Rxd3 Rd8 26. Qd2 Rxd3 27. Qxd3 Qd6
1/2-1/2

[Event "VI Weekend A"]
[Site "Vicenza ITA"]
[Date "2002.10.??"]
[Round "3"]
[White "Miatello, Alberto"]
[Black "Danieli, Enrico"]
[Result "1-0"]
[WhiteElo "1818"]
[BlackElo "2118"]
[PlyCount "99"]
[EventDate "2002.10.05"]

1. e4 c6 2. d4 d5 3. e5 c5 4. dxc5 Nc6 5. Bb5 e6 6. Be3 Nge7 7. c3 Nf5 8. Bd4
Nfxd4 9. cxd4 Bd7 10. Bxc6 Bxc6 11. Nc3 b6 12. cxb6 Qxb6 13. Qd2 Rb8 14. Rb1
Bb4 15. a3 Bxc3 16. Qxc3 O-O 17. Ne2 Bb5 18. f3 Rfc8 19. Qd2 g6 20. Nc3 Rc4 21.
Nxb5 Qxb5 22. O-O Qb6 23. Rfd1 Rbc8 24. b4 Rc2 25. Qf4 Qa6 26. b5 Qxa3 27. b6
axb6 28. Rxb6 Rc1 29. Rb1 R1c7 30. h4 h5 31. Kh2 Qe7 32. Kh3 Rc4 33. Rg1 Qa7
34. Rbd1 Rb8 35. g4 hxg4+ 36. Rxg4 Kh7 37. h5 Qe7 38. hxg6+ fxg6 39. Rh4+ Kg7
40. Rg1 Qf7 41. Rxg6+ Qxg6 42. Rg4 Qxg4+ 43. Qxg4+ Kf7 44. Qh5+ Ke7 45. Qh7+
Kd8 46. Qg8+ Kc7 47. Qf7+ Kd8 48. Qxe6 Rxd4 49. Qd6+ Kc8 50. e6 1-0

[Event "VI Weekend A"]
[Site "Vicenza ITA"]
[Date "2002.10.??"]
[Round "3"]
[White "Navarro, Stefano"]
[Black "Logallo, Claudio"]
[Result "1/2-1/2"]
[WhiteElo "2126"]
[BlackElo "1795"]
[PlyCount "68"]
[EventDate "2002.10.05"]

1. e4 c5 2. Nf3 d6 3. d4 cxd4 4. Nxd4 Nf6 5. Nc3 a6 6. Bg5 e6 7. f4 Be7 8. Qf3
Qc7 9. O-O-O Nbd7 10. g4 b5 11. Bxf6 Nxf6 12. g5 Nd7 13. h4 Bb7 14. Bd3 Nb6 15.
f5 e5 16. Nb3 O-O-O 17. Rhe1 f6 18. gxf6 Bxf6 19. Qf2 Kb8 20. Nd2 Rc8 21. Nf1
Rhd8 22. Ne3 d5 23. Ncxd5 Nxd5 24. Nxd5 Bxd5 25. exd5 Rxd5 26. Be4 Rdd8 27. h5
h6 28. Kb1 Qc5 29. Qe2 Rxd1+ 30. Rxd1 Rd8 31. Rf1 Qd4 32. a3 Qc5 33. Qf3 Rd2
34. Re1 Qd4 1/2-1/2

[Event "VI Weekend A"]
[Site "Vicenza ITA"]
[Date "2002.10.??"]
[Round "3"]
[White "Opacic, Alexandar"]
[Black "Gennari, Leone"]
[Result "1-0"]
[WhiteElo "2088"]
[BlackElo "1900"]
[PlyCount "48"]
[EventDate "2002.10.05"]

1. e4 e6 2. d4 d5 3. Nd2 Nf6 4. e5 Nfd7 5. f4 c5 6. c3 Nc6 7. Ndf3 f6 8. Bd3
cxd4 9. cxd4 Bb4+ 10. Kf2 O-O 11. Ne2 fxe5 12. fxe5 Qb6 13. Be3 Ne7 14. a3 Nf5
15. Bxf5 Rxf5 16. axb4 Qxb4 17. Qd2 Qe7 18. Rhf1 Nb6 19. b3 Bd7 20. Kg1 Bb5 21.
Ng3 Rff8 22. Rfc1 Rac8 23. Rxc8 Rxc8 24. Rxa7 Ba6 1-0

[Event "VI Weekend A"]
[Site "Vicenza ITA"]
[Date "2002.10.??"]
[Round "3"]
[White "Ravagnani, Tiziano"]
[Black "Verducci, Gianni"]
[Result "0-1"]
[WhiteElo "1809"]
[BlackElo "1947"]
[PlyCount "46"]
[EventDate "2002.10.05"]

1. e4 e6 2. d4 d5 3. Nc3 Bb4 4. e5 c5 5. a3 Ba5 6. Qg4 Ne7 7. Qxg7 Rg8 8. Qxh7
cxd4 9. b4 dxc3 10. bxa5 Nbc6 11. Nf3 Qc7 12. Bb5 Bd7 13. a6 Nxe5 14. Bxd7+
Kxd7 15. Rb1 Nxf3+ 16. gxf3 Qe5+ 17. Be3 b6 18. Rb4 Rh8 19. Qd3 Nc6 20. Qb5
Rac8 21. Kd1 Ke7 22. Rg4 Rxh2 23. Bg5+ f6 0-1

[Event "VI Weekend A"]
[Site "Vicenza ITA"]
[Date "2002.10.??"]
[Round "3"]
[White "Vancini, Edoardo"]
[Black "Cacco, Christian"]
[Result "1/2-1/2"]
[WhiteElo "2285"]
[BlackElo "2298"]
[PlyCount "39"]
[EventDate "2002.10.05"]

1. e4 c5 2. c3 e6 3. d4 b6 4. Nf3 Be7 5. d5 d6 6. Bb5+ Bd7 7. a4 e5 8. O-O Nf6
9. Qe2 O-O 10. Bxd7 Nbxd7 11. Na3 Ne8 12. g4 h6 13. Nc4 Bg5 14. Bxg5 hxg5 15.
Qe3 Ndf6 16. h3 Nh7 17. Kg2 g6 18. Qd3 Qd7 19. Ne3 Ng7 20. Qb5 1/2-1/2

[Event "VI Weekend A"]
[Site "Vicenza ITA"]
[Date "2002.10.??"]
[Round "4"]
[White "Cacco, Christian"]
[Black "Navarro, Stefano"]
[Result "1-0"]
[WhiteElo "2298"]
[BlackElo "2126"]
[PlyCount "75"]
[EventDate "2002.10.05"]

1. d4 d5 2. Nf3 e6 3. Bf4 Nf6 4. Nbd2 c5 5. e3 Nc6 6. c3 Bd6 7. Bg5 Qe7 8. Bd3
e5 9. dxe5 Bxe5 10. Nxe5 Nxe5 11. Be2 Bd7 12. e4 h6 13. Bxf6 gxf6 14. O-O dxe4
15. Nxe4 O-O-O 16. Qd6 Qxd6 17. Nxd6+ Kc7 18. Ne4 Bc6 19. Nxf6 Rd2 20. Rfe1
Rxb2 21. Bf1 Ng6 22. Bc4 Nf4 23. Re7+ Kd8 24. Rxf7 Nxg2 25. Rd1+ Kc8 26. Bd5
Nf4 27. Bxc6 bxc6 28. Rxa7 Kb8 29. Rf7 Ne2+ 30. Kg2 Nxc3 31. Rd6 Rb7 32. Nd7+
Ka8 33. Rxc6 Nb5 34. Rxc5 Rg8+ 35. Kh3 Rd8 36. Ne5 Rb6 37. a4 Na7 38. Ra5 1-0

[Event "VI Weekend A"]
[Site "Vicenza ITA"]
[Date "2002.10.??"]
[Round "4"]
[White "Gennari, Leone"]
[Black "Maccapan, Fabio"]
[Result "0-1"]
[WhiteElo "1900"]
[BlackElo "1810"]
[PlyCount "46"]
[EventDate "2002.10.05"]

1. d4 Nf6 2. c4 c5 3. d5 e6 4. Nc3 exd5 5. Nxd5 Nxd5 6. Qxd5 Nc6 7. Nf3 d6 8.
Ng5 Qf6 9. g3 Be7 10. Bg2 Nd4 11. Be4 h6 12. Nf3 Nxf3+ 13. Bxf3 Rb8 14. O-O O-O
15. Rb1 b5 16. cxb5 Rxb5 17. b3 Bf5 18. Bb2 Qe6 19. Rbd1 Rfb8 20. Bc3 R8b6 21.
Rd2 Qxd5 22. Bxd5 Be6 23. Rfd1 Ra6 0-1

[Event "VI Weekend A"]
[Site "Vicenza ITA"]
[Date "2002.10.??"]
[Round "4"]
[White "Giacomelli, Gianni"]
[Black "Fontanari, Maurizio"]
[Result "0-1"]
[WhiteElo "1836"]
[BlackElo "2034"]
[PlyCount "110"]
[EventDate "2002.10.05"]

1. e4 c5 2. Nf3 Nc6 3. Bb5 g6 4. O-O Bg7 5. Bxc6 bxc6 6. e5 Nh6 7. d3 O-O 8.
Nc3 Nf5 9. Ne4 Nd4 10. Ned2 f6 11. c3 Nxf3+ 12. Nxf3 fxe5 13. Re1 d6 14. Qb3+
Kh8 15. Ng5 Qe8 16. Qc4 h6 17. Qh4 Kg8 18. Ne4 g5 19. Qg3 Bf5 20. h4 g4 21. d4
cxd4 22. cxd4 Qg6 23. Qb3+ d5 24. Ng3 Bc2 25. h5 Bxb3 26. hxg6 Bc2 27. Nh5 e4
28. Be3 Rac8 29. Rac1 Bd3 30. g3 Rf5 31. Nf4 h5 32. Rc5 Bf8 33. Ra5 e5 34. Nxd3
exd3 35. Rxa7 e4 36. Rc1 Rf6 37. Ra5 Bb4 38. Ra6 Rxg6 39. a3 Be7 40. b4 h4 41.
b5 hxg3 42. fxg3 Bg5 43. Bxg5 Rxg5 44. Raxc6 Rb8 45. a4 Rf5 46. Rg6+ Kf7 47.
Rxg4 e3 48. Rf1 Rxf1+ 49. Kxf1 Rc8 50. b6 Rc1+ 51. Kg2 d2 52. b7 Rb1 53. Rf4+
Ke7 54. Rf1 Rxf1 55. Kxf1 d1=Q+ 0-1

[Event "VI Weekend A"]
[Site "Vicenza ITA"]
[Date "2002.10.??"]
[Round "4"]
[White "Miatello, Alberto"]
[Black "Vancini, Edoardo"]
[Result "1/2-1/2"]
[WhiteElo "1818"]
[BlackElo "2285"]
[PlyCount "92"]
[EventDate "2002.10.05"]

1. e4 g6 2. d4 Bg7 3. c3 d5 4. exd5 Qxd5 5. Be2 Nf6 6. Bf3 Qd6 7. Nd2 c5 8.
dxc5 Qxc5 9. Nb3 Qc7 10. Be3 Nc6 11. Nd4 Ne5 12. Nb5 Nxf3+ 13. Nxf3 Qa5 14. a4
Bd7 15. b4 Qd8 16. Bxa7 b6 17. O-O O-O 18. Qd4 Bxb5 19. Qxd8 Rfxd8 20. axb5 Nd5
21. Ra6 Bxc3 22. Bxb6 Rxa6 23. Bxd8 Ra8 24. Ba5 Rb8 25. Rd1 Rxb5 26. Nd4 Rb7
27. Nc6 e6 28. Rb1 Rb5 29. Kf1 Kf8 30. Ke2 Ke8 31. Kd3 Kd7 32. Nd4 Rb7 33. Kc4
Rb8 34. g3 Rc8+ 35. Kd3 Rb8 36. Nc2 e5 37. Ne3 Nxe3 38. fxe3 Rc8 39. Rc1 Bb2
40. Rxc8 Kxc8 41. Kc2 Ba3 42. Kb3 Bc1 43. Bb6 Kb7 44. Bc5 Bd2 45. Kc2 Be1 46.
Kd1 Bc3 1/2-1/2

[Event "VI Weekend A"]
[Site "Vicenza ITA"]
[Date "2002.10.??"]
[Round "4"]
[White "Roberti, Ignazio"]
[Black "Ravagnani, Tiziano"]
[Result "1-0"]
[WhiteElo "2032"]
[BlackElo "1809"]
[PlyCount "71"]
[EventDate "2002.10.05"]

1. e4 c5 2. c3 d5 3. exd5 Qxd5 4. d4 Nc6 5. Nf3 Bg4 6. Be2 Nf6 7. Be3 cxd4 8.
cxd4 e6 9. Nc3 Bb4 10. O-O Bxc3 11. bxc3 O-O 12. h3 Bf5 13. Bd3 Bxd3 14. Qxd3
Rac8 15. c4 Qh5 16. Bg5 Nd7 17. Rfe1 h6 18. d5 Nc5 19. Qa3 hxg5 20. dxc6 Rxc6
21. Re5 Rfc8 22. Rxg5 Qh6 23. Qe3 f6 24. Rg4 Qxe3 25. fxe3 e5 26. Rb1 Ra6 27.
Rb2 Ra3 28. Nh4 b6 29. Nf5 Rc7 30. Rd2 Rd3 31. Rxd3 Nxd3 32. h4 Nb2 33. h5 Rxc4
34. Rxg7+ Kh8 35. h6 Nd3 36. Ne7 1-0

[Event "VI Weekend A"]
[Site "Vicenza ITA"]
[Date "2002.10.??"]
[Round "4"]
[White "Verducci, Gianni"]
[Black "Opacic, Alexandar"]
[Result "0-1"]
[WhiteElo "1947"]
[BlackElo "2088"]
[PlyCount "80"]
[EventDate "2002.10.05"]

1. e4 c5 2. Nc3 Nc6 3. Nge2 g6 4. g3 Bg7 5. Bg2 Nf6 6. O-O d6 7. d3 O-O 8. Bg5
h6 9. Be3 Ng4 10. Qd2 Nxe3 11. fxe3 e6 12. Rf2 h5 13. Raf1 Bh6 14. Nf4 Rb8 15.
Qe2 b5 16. h4 b4 17. Nd1 Ne5 18. Bh3 Ng4 19. Bxg4 hxg4 20. Rh2 Kg7 21. Nf2 f5
22. exf5 Bxf4 23. exf4 exf5 24. Re1 Bb7 25. h5 Re8 26. Qd2 Qf6 27. c3 bxc3 28.
bxc3 Re7 29. Nd1 Rbe8 30. Ne3 Bf3 31. Kf2 d5 32. d4 c4 33. hxg6 Kxg6 34. Qc2
Be4 35. Qb2 Rh8 36. Rxh8 Qxh8 37. Ng2 Qh2 38. Rxe4 fxe4 39. Kf1 Qh1+ 40. Kf2
e3+ 0-1

[Event "VI Weekend A"]
[Site "Vicenza ITA"]
[Date "2002.10.??"]
[Round "5"]
[White "Cacco, Christian"]
[Black "Miatello, Alberto"]
[Result "1-0"]
[WhiteElo "2298"]
[BlackElo "1818"]
[PlyCount "77"]
[EventDate "2002.10.05"]

1. d4 Nf6 2. Nf3 g6 3. g3 Bg7 4. Bg2 O-O 5. O-O d5 6. Nc3 c6 7. Re1 Ne4 8. Nxe4
dxe4 9. Ng5 Bxd4 10. Nxe4 Bf5 11. c3 Bb6 12. Qa4 Nd7 13. Bh6 Re8 14. Rad1 Qc7
15. Bf4 Qc8 16. Rd2 Bc7 17. Bxc7 Qxc7 18. Red1 b5 19. Qd4 Ne5 20. b3 a5 21. f4
Nd7 22. Nc5 Nb6 23. h3 a4 24. g4 Bc8 25. Qe5 Ra7 26. Kf2 Qxe5 27. fxe5 Rc7 28.
Rd4 axb3 29. axb3 Kg7 30. Kg3 e6 31. Rd6 Nd5 32. c4 bxc4 33. bxc4 Ne3 34. Rc1
Nxg2 35. Kxg2 Ree7 36. Rd8 Bd7 37. Ra1 Be8 38. Raa8 Kf8 39. g5 1-0

[Event "VI Weekend A"]
[Site "Vicenza ITA"]
[Date "2002.10.??"]
[Round "5"]
[White "Fontanari, Maurizio"]
[Black "Danieli, Enrico"]
[Result "1/2-1/2"]
[WhiteElo "2034"]
[BlackElo "2118"]
[PlyCount "107"]
[EventDate "2002.10.05"]

1. d4 d5 2. c4 e6 3. Nf3 Nf6 4. Nc3 Be7 5. Bf4 O-O 6. e3 c5 7. cxd5 exd5 8. Be2
Nc6 9. O-O Be6 10. Ne5 Rc8 11. Rc1 a6 12. dxc5 Nxe5 13. Bxe5 Nd7 14. Bd6 Bxd6
15. cxd6 Nf6 16. Bf3 Qxd6 17. Qd2 Rfd8 18. Rcd1 Rc4 19. g3 h6 20. b3 Rc5 21. e4
d4 22. Ne2 d3 23. Nf4 Rc2 24. Qxc2 dxc2 25. Rxd6 Rxd6 26. e5 Rd1 27. Rxd1
cxd1=Q+ 28. Bxd1 Nd7 29. Nxe6 fxe6 30. f4 Kf7 31. Kf2 Nc5 32. Bc2 Ke7 33. h4 b5
34. a3 a5 35. b4 axb4 36. axb4 Na6 37. Bd3 Nxb4 38. Bxb5 h5 39. g4 Nd5 40. Kf3
hxg4+ 41. Kxg4 Ne3+ 42. Kg5 Kf7 43. h5 Nc2 44. Bd3 Nd4 45. Be4 Ne2 46. Bg6+ Kf8
47. f5 exf5 48. Kxf5 Ke7 49. Ke4 Nc3+ 50. Kf5 Nd5 51. Ke4 Nc3+ 52. Kd3 Nd5 53.
Kd4 Nf4 54. Ke3 1/2-1/2

[Event "VI Weekend A"]
[Site "Vicenza ITA"]
[Date "2002.10.??"]
[Round "5"]
[White "Logallo, Claudio"]
[Black "Maccapan, Fabio"]
[Result "1/2-1/2"]
[WhiteElo "1795"]
[BlackElo "1810"]
[PlyCount "43"]
[EventDate "2002.10.05"]

1. e4 c5 2. Nf3 e6 3. d4 cxd4 4. Nxd4 a6 5. Nc3 Qc7 6. g3 b5 7. Bg2 Bb7 8. O-O
d6 9. Re1 Nd7 10. a3 Ngf6 11. Qe2 Be7 12. Bg5 Nb6 13. Rad1 O-O 14. Bc1 Rfd8 15.
g4 Nfd7 16. Rd3 Rac8 17. g5 Nf8 18. Qh5 d5 19. exd5 Nc4 20. f4 Bc5 21. Nce2 Na5
22. c3 1/2-1/2

[Event "VI Weekend A"]
[Site "Vicenza ITA"]
[Date "2002.10.??"]
[Round "5"]
[White "Navarro, Stefano"]
[Black "Verducci, Gianni"]
[Result "1-0"]
[WhiteElo "2126"]
[BlackElo "1947"]
[PlyCount "61"]
[EventDate "2002.10.05"]

1. e4 e6 2. d3 d5 3. Nd2 c5 4. g3 Nc6 5. Bg2 g6 6. Ngf3 Bg7 7. O-O Nge7 8. c3
O-O 9. Re1 b6 10. Qe2 Ba6 11. e5 Nf5 12. Nf1 Rc8 13. a4 Qd7 14. Bg5 d4 15. c4
Nb4 16. b3 Bb7 17. Rac1 a6 18. g4 Ne7 19. Ng3 Nec6 20. Rcd1 Na5 21. Rb1 b5 22.
axb5 axb5 23. Bd2 bxc4 24. bxc4 Nac6 25. Ne4 Nxe5 26. Nxe5 Bxe5 27. Nxc5 Rxc5
28. Bxb4 Bxg2 29. Bxc5 Qc6 30. Qxe5 Bh3 31. Re4 1-0

[Event "VI Weekend A"]
[Site "Vicenza ITA"]
[Date "2002.10.??"]
[Round "5"]
[White "Ravagnani, Tiziano"]
[Black "Gennari, Leone"]
[Result "1/2-1/2"]
[WhiteElo "1809"]
[BlackElo "1900"]
[PlyCount "93"]
[EventDate "2002.10.05"]

1. e4 e6 2. d4 d5 3. Nc3 Bb4 4. e5 c5 5. a3 Bxc3+ 6. bxc3 Qa5 7. Bd2 Qa4 8. Qg4
Ne7 9. Qxg7 Rg8 10. Qxh7 cxd4 11. Nf3 Nbc6 12. Bd3 Bd7 13. cxd4 O-O-O 14. c3
Rxg2 15. Bc2 Qc4 16. Qd3 Rdg8 17. Ke2 Na5 18. Qxc4+ Nxc4 19. a4 a6 20. Bf4 R2g4
21. Bg3 b5 22. h3 R4g7 23. Bh4 Nf5 24. Bf6 Rh7 25. Ng5 Rh5 26. Nxf7 bxa4 27.
Bxa4 Bxa4 28. Rxa4 a5 29. Raa1 Kc7 30. Rab1 a4 31. Rb5 a3 32. Rc5+ Kb6 33. Nd8
Re8 34. Rb1+ Nb2 35. h4 Rh7 36. Nc6 Ra8 37. Bd8+ Rxd8 38. Nxd8 Ra7 39. Nc6 Ra4
40. Nb4 Nxd4+ 41. cxd4 Rxb4 42. Rc3 Ra4 43. h5 Kb5 44. h6 Kb4 45. Rc8 Ra7 46.
Rb8+ Kc3 47. Ra1 1/2-1/2

[Event "VI Weekend A"]
[Site "Vicenza ITA"]
[Date "2002.10.??"]
[Round "5"]
[White "Roberti, Ignazio"]
[Black "Giacomelli, Gianni"]
[Result "1-0"]
[WhiteElo "2032"]
[BlackElo "1836"]
[PlyCount "91"]
[EventDate "2002.10.05"]

1. e4 e6 2. d4 d5 3. Nc3 Bb4 4. e5 c5 5. a3 Bxc3+ 6. bxc3 Ne7 7. Qg4 O-O 8. Bd3
f5 9. exf6 Rxf6 10. Bg5 Rf7 11. Qh4 g6 12. Nf3 Nbc6 13. O-O Qc7 14. Rfe1 c4 15.
Bxe7 Nxe7 16. Ne5 cxd3 17. Nxf7 Kxf7 18. Qxh7+ Ke8 19. Qh8+ Kd7 20. cxd3 b6 21.
Qf6 Kc6 22. c4 Kb7 23. a4 Nc6 24. cxd5 exd5 25. Rac1 Bd7 26. a5 Re8 27. Rxe8
Bxe8 28. Qe6 Qd7 29. Re1 Qxe6 30. Rxe6 Bf7 31. a6+ Kc7 32. Rf6 Nd8 33. Kf1 Kd7
34. Rxb6 Be6 35. Ke2 Kc7 36. Rb1 Bc8 37. Rb5 Ne6 38. Ke3 Kc6 39. Rb8 Bxa6 40.
h4 Bb7 41. Rg8 a5 42. Rxg6 Kd7 43. h5 a4 44. Kd2 Ke7 45. h6 Kf7 46. Rxe6 1-0

[Event "VI Weekend A"]
[Site "Vicenza ITA"]
[Date "2002.10.??"]
[Round "5"]
[White "Vancini, Edoardo"]
[Black "Opacic, Alexandar"]
[Result "1-0"]
[WhiteElo "2285"]
[BlackElo "2088"]
[PlyCount "113"]
[EventDate "2002.10.05"]

1. e4 e6 2. d4 d5 3. Nd2 dxe4 4. Nxe4 Nf6 5. Nxf6+ gxf6 6. Bf4 Bd7 7. Qd3 Nc6
8. O-O-O Nb4 9. Qb3 Nd5 10. Bd2 Bc6 11. c4 Nb6 12. Qe3 Qe7 13. d5 exd5 14. Qh3
Bd7 15. Qf3 O-O-O 16. Bc3 Bg7 17. cxd5 Rhg8 18. Bd3 f5 19. Bxg7 Rxg7 20. Nh3
Qc5+ 21. Bc2 Kb8 22. Rd3 Rg6 23. Rhd1 Nc4 24. Rc3 Rb6 25. Bb3 Bb5 26. Qf4 Rxd5
27. Rxd5 Qxd5 28. Bxc4 Bxc4 29. Qxc4 Qe5 30. Qf1 a6 31. f4 Qd5 32. Kb1 Rd6 33.
Qc4 Qa5 34. Qc5 Rd1+ 35. Kc2 Qa4+ 36. b3 Qd7 37. Qxc7+ Qxc7 38. Rxc7 Re1 39.
Rxf7 Re2+ 40. Kc3 Rxg2 41. Rxf5 Rxh2 42. Rh5 Kc7 43. Rxh7+ Kd6 44. a4 b6 45.
Ng5 Rg2 46. Rh6+ Kc7 47. Ne6+ Kd6 48. Nd4+ Kd5 49. Rh5+ Ke4 50. Re5+ Kxf4 51.
Re6 b5 52. axb5 axb5 53. Nxb5 Rg5 54. Kc4 Rg7 55. Nd4 Rg1 56. b4 Rc1+ 57. Kd5
1-0

[Event "VI Weekend A"]
[Site "Vicenza ITA"]
[Date "2002.10.??"]
[Round "6"]
[White "Giacomelli, Gianni"]
[Black "Ravagnani, Tiziano"]
[Result "0-1"]
[WhiteElo "1836"]
[BlackElo "1809"]
[PlyCount "76"]
[EventDate "2002.10.05"]

1. e4 c5 2. Nf3 d6 3. Nc3 Nf6 4. Bb5+ Nbd7 5. O-O a6 6. Be2 b5 7. d3 Bb7 8. a3
g6 9. b4 Bg7 10. Bb2 O-O 11. Re1 Qc7 12. Nb1 c4 13. Nfd2 d5 14. exd5 cxd3 15.
cxd3 Nb6 16. Ne4 Bxd5 17. Nbd2 Nxe4 18. Bxg7 Nxf2 19. Kxf2 Kxg7 20. Kg1 Rac8
21. Bf3 e6 22. Qe2 Qf4 23. Ne4 Bxe4 24. Bxe4 Nd5 25. Qb2+ Qf6 26. Qxf6+ Kxf6
27. Bxd5 exd5 28. Rf1+ Kg7 29. a4 bxa4 30. Rxa4 Rc6 31. Rfa1 Rb8 32. Kf2 d4 33.
Kf3 Re8 34. Rxa6 Re3+ 35. Kf4 Rc2 36. R6a2 Rc3 37. Rb2 Rcxd3 38. b5 f5 0-1

[Event "VI Weekend A"]
[Site "Vicenza ITA"]
[Date "2002.10.??"]
[Round "6"]
[White "Logallo, Claudio"]
[Black "Roberti, Ignazio"]
[Result "1/2-1/2"]
[WhiteElo "1795"]
[BlackElo "2032"]
[PlyCount "20"]
[EventDate "2002.10.05"]

1. e4 e6 2. d4 d5 3. Nc3 Nf6 4. e5 Nfd7 5. f4 a6 6. Nf3 c5 7. Be3 Nc6 8. Be2
Be7 9. O-O b5 10. Kh1 Qb6 1/2-1/2

[Event "VI Weekend A"]
[Site "Vicenza ITA"]
[Date "2002.10.??"]
[Round "6"]
[White "Maccapan, Fabio"]
[Black "Fontanari, Maurizio"]
[Result "0-1"]
[WhiteElo "1810"]
[BlackElo "2034"]
[PlyCount "80"]
[EventDate "2002.10.05"]

1. e4 c5 2. Nf3 Nc6 3. d4 cxd4 4. Nxd4 e5 5. Nb5 d6 6. N1c3 a6 7. Na3 Nf6 8.
Bg5 Be7 9. Bxf6 Bxf6 10. Nd5 Bg5 11. c3 b5 12. Nc2 O-O 13. Bd3 Be6 14. Nce3 Ne7
15. Qh5 Ng6 16. O-O Nf4 17. Nxf4 Bxf4 18. Qe2 Qb6 19. a3 g6 20. Rae1 f5 21.
exf5 gxf5 22. Qh5 e4 23. Bb1 Ra7 24. Qd1 Be5 25. Bc2 Rg7 26. Bb3 Bxb3 27. Qxb3+
Kh8 28. Nd5 Qd8 29. Re3 Qh4 30. g3 Rfg8 31. c4 bxc4 32. Qxc4 f4 33. Rxe4 fxg3
34. fxg3 Rxg3+ 35. Kf2 Qxh2+ 36. Ke1 Qxb2 37. Rh4 Qa1+ 38. Ke2 Rg2+ 39. Ke3
Qxa3+ 40. Ke4 Qg3 0-1

[Event "VI Weekend A"]
[Site "Vicenza ITA"]
[Date "2002.10.??"]
[Round "6"]
[White "Navarro, Stefano"]
[Black "Vancini, Edoardo"]
[Result "0-1"]
[WhiteElo "2126"]
[BlackElo "2285"]
[PlyCount "90"]
[EventDate "2002.10.05"]

1. e4 g6 2. d4 Bg7 3. Nf3 c6 4. Nc3 d5 5. e5 Bg4 6. Be2 Bxf3 7. Bxf3 e6 8. O-O
Nh6 9. Bf4 Nf5 10. Qd2 h6 11. g3 Nd7 12. Ne2 c5 13. c3 Qb6 14. Rfe1 O-O 15. Bg4
Kh7 16. Bxf5 exf5 17. Be3 c4 18. Nf4 Qc6 19. Qe2 Rfd8 20. Bd2 Nf8 21. h4 Ne6
22. h5 Nxf4 23. Bxf4 g5 24. Bd2 Qe6 25. Qf3 Rg8 26. Kh2 Bf8 27. Rg1 g4 28. Qe3
Be7 29. Kg2 Rae8 30. Rh1 Qb6 31. Qf4 Qe6 32. Qe3 Bg5 33. Qe2 f6 34. Bf4 Bxf4
35. gxf4 fxe5 36. dxe5 d4 37. cxd4 Qd5+ 38. Kg1 Qxd4 39. Qe3 Rd8 40. Rb1 g3 41.
Rh3 gxf2+ 42. Kxf2 Rg4 43. Rf3 Qd2+ 44. Qxd2 Rxd2+ 45. Ke3 Rgg2 0-1